Awareness of concept oriented reading instruction (CORI) method in english among prospective teachers/ (Record no. 192311)

MARC details
000 -LEADER
fixed length control field 00708nam a22002177a 4500
010 ## - LCCN (DPL NO)
LC control number ENG-135106
020 ## - INTERNATIONAL STANDARD BOOK NUMBER
Terms of availability 300.00
International Standard Book Number 9789387871045
035 ## - SYSTEM CONTROL NUMBER
System control number EN-118638
037 ## - SOURCE OF ACQUISITION
Source of stock number/acquisition DBAD / PUB
082 ## - DEWEY DECIMAL CLASSIFICATION NUMBER
Classification number 480
100 ## - MAIN ENTRY--PERSONAL NAME
Personal name Govindaraj,S.
245 ## - TITLE STATEMENT
Title Awareness of concept oriented reading instruction (CORI) method in english among prospective teachers/
Statement of responsibility, etc edited by S.Govindaraj...[et.al]
260 ## - PUBLICATION, DISTRIBUTION, ETC. (IMPRINT)
Place of publication, distribution, etc Tamil Nadu
Name of publisher, distributor, etc Shanlax Publications
Date of publication, distribution, etc 2018
270 ## - ADDRESS
Address 61,66 T.P.K.Main Road Vasantha Nagar Madurai,
City Tamil Nadu
Postal code 625003
300 ## - PHYSICAL DESCRIPTION
Extent 76p.:
Dimensions 21cm(pbk)
Other physical details ill
650 ## - SUBJECT ADDED ENTRY--TOPICAL TERM
Topical term or geographic name as entry element Sikhism
700 ## - ADDED ENTRY--PERSONAL NAME
Personal name V.Meera
700 ## - ADDED ENTRY--PERSONAL NAME
Personal name S.Rubini
700 ## - ADDED ENTRY--PERSONAL NAME
Personal name C.Sandhiya
942 ## - ADDED ENTRY ELEMENTS (KOHA)
Source of classification or shelving scheme Dewey Decimal Classification
Item type English Books
Call number suffix GOV
Classification part 480
Holdings
Withdrawn status Lost status Not for loan Collection code Home library Current library Date acquired Source of acquisition Cost, normal purchase price Full call number Barcode Copy number Cost, replacement price Koha item type
      Non-fiction Bawana Bawana 19/09/2022 DBAD/PUB 300.00 480 GOV EN-118638 1 300.00 English Books

© Delhi Public Library
Hit Counter
free hit counter